Cost price analysis of several rubber qualities and their development. A case study at a government-owned estate in North Sumatra (Record no. 56443)

MARC details
000 -LEADER
fixed length control field 00421nam a2200133Ia 4500
100 ## - MAIN ENTRY--AUTHOR NAME
Personal name Panjaitan L
245 #0 - TITLE STATEMENT
Title Cost price analysis of several rubber qualities and their development. A case study at a government-owned estate in North Sumatra
260 ## - PUBLICATION, DISTRIBUTION, ETC. (IMPRINT)
Name of publisher Bulletin Perkaretan
Year of publication 1990
300 ## - PHYSICAL DESCRIPTION
Number of Pages 88-96
500 ## - GENERAL NOTE
General note Source Year: 1993
856 ## - ELECTRONIC LOCATION AND ACCESS
Uniform Resource Identifier WAERA
942 ## - ADDED ENTRY ELEMENTS (KOHA)
Koha item type Journals
Holdings
Withdrawn status Lost status Damaged status Not for loan Home library Current library Date acquired Serial Enumeration / chronology Koha item type
      Journals RRII Library RRII Library 17/12/2021 Volume 8, Issue 3 Journals